000 00457nam a2200181Ia 4500
008 100917s9999 xx 000 0 und d
082 _b45525
100 _aपाठक गं. रा.
245 _aअमृतपाश
260 _bअभय साहित्य
_c1981
300 _a216
365 _b20
520 _aकथा
630 _aअमृतपाश
650 _aकथा
730 _aअमृतपाश
942 _cBOOK
999 _c650919
_d650916